Villes du Championnat d'Europe de football 1988 - Statistiques

Statistiques générales
  • Ce quiz a été pris 12 fois
  • Le résultat moyen est 6 sur 8
Statistiques - réponses
Par images Réponse % Correct
Cologne
100%
Munich
100%
Hambourg
92%
Francfort-sur-le-Main
75%
Stuttgart
67%
Düsseldorf
42%
Gelsenkirchen
42%
Hanovre
33%
Aucun quiz correspondant
Distribution des résultats
% des personnes avec chaque résultat
Percentile par nombre de réponses
Votre historique - résultats
Vous n’avez pas pris ce quiz